Normal view
MARC view
Entry Personal Name
001 - CONTROL NUMBER
- control field: 251870
003 - CONTROL NUMBER IDENTIFIER
- control field: OSt
005 - DATE AND TIME OF LATEST TRANSACTION
- control field: 20260120122045.0
008 - FIXED-LENGTH DATA ELEMENTS
- fixed length control field: 260120|| aca||aabn | a|a d
040 ## - CATALOGING SOURCE
- Original cataloging agency: OSt
- Transcribing agency: OSt
100 ## - HEADING--PERSONAL NAME
- Personal name: RAMASVAMI AYYANGARA (B S)
- Dates associated with a name: ರಾಮಸ್ವಾಮಿ ಅಯ್ಯಂಗಾರ (ಬಿ ಎಸ್ )
670 ## - SOURCE DATA FOUND
- Source citation: Work cat.: (OSt)144854: RAMASVAMI AYYANGARA (B S) ರಾಮಸ್ವಾಮಿ ಅಯ್ಯಂಗಾರ (ಬಿ ಎಸ್ ), Jiva jyotigalu, 1941